| 000 | 01001nac a22002891u 4500 | ||
|---|---|---|---|
| 003 | EG-ScBUE | ||
| 005 | 20211118145634.0 | ||
| 008 | 200219t1964 nyu f 000 0 eng d | ||
| 040 |
_aEG-ScBUE _beng _erda _cEG-ScBUE _dEG-ScBUE |
||
| 082 | 0 | 4 |
_a880.3 _bFED _222 |
| 100 | 1 |
_aFeder, Lillian, _eauthor. |
|
| 245 | 1 | 0 |
_aApollo handbook of classical literature / _cby Lillian Feder, professor of English, Queens College of the city University of New York. |
| 250 | _aApollo edition. | ||
| 264 | 1 |
_aNew York : _bThomas Y. Crowell Company, _c[1964] |
|
| 264 | 4 | _cc1964 | |
| 300 |
_aviii, 448 pages ; _c23 cm |
||
| 336 |
_2rdacontent _atext _btxt |
||
| 337 |
_2rdamedia _aunmediated _bn |
||
| 338 |
_2rdacarrier _avolume _bnc |
||
| 650 | 7 |
_aClassical literature _vDictionaries. _2BUEsh |
|
| 651 | _2BUEsh | ||
| 653 |
_bHHUUEENN _cNovember2021 |
||
| 655 |
_vReading book _934232 |
||
| 740 | _aHandbook of classical literature. | ||
| 942 |
_cBB _2ddc |
||
| 999 |
_c1673 _d1673 |
||